Los sabores del palacio = Les saveurs du palais /
Basada libremente en la vida de Danièle Mazet-Delpeuch, el presente film cuenta la historia de una mujer sencilla amante de la cocina tradicional francesa, quien fue nombrada por el presidente François Mitterrand como su cocinera personal en el Palacio del Elíseo, en París. No fueron pocas la dificu...
Kaydedildi:
| Yazar: | |
|---|---|
| Diğer Yazarlar: | , , |
| Materyal Türü: | |
| Dil: | Fransızca |
| Seri Bilgileri: | (Collector's Edition ZD)
|
| Konular: | |
| Etiketler: |
Etiket eklenmemiş, İlk siz ekleyin!
|
MARC
| LEADER | 00000ngm^a2200000^a^4500 | ||
|---|---|---|---|
| 001 | 000395373 | ||
| 005 | 20250521000000.0 | ||
| 009 | 20260310121401.319 | ||
| 037 | |a Acervo ITESO - Biblioteca | ||
| 041 | |a FRA | ||
| 082 | |a 840. |b VIN | ||
| 100 | |a Vincent, Christian |e (realización) | ||
| 240 | 1 | 5 | |a [Los sabores del palacio] |
| 245 | 1 | 4 | |a Los sabores del palacio = |b Les saveurs du palais / |c Realización de C. Vincent |
| 264 | 2 | |a México : |b Zatmeni [distribución]. |c copyright fecha no identificada | |
| 300 | |a 1 DVD regiones 1 y 4 (95 min) : |b color | ||
| 336 | |a imagen móvil bidimensional |b tdi |2 rdacontenido | ||
| 337 | |a video |b v |2 rdamedio | ||
| 338 | |a videodisco |b vd |2 rdasoporte | ||
| 440 | 1 | |a (Collector's Edition ZD) | |
| 520 | |a Basada libremente en la vida de Danièle Mazet-Delpeuch, el presente film cuenta la historia de una mujer sencilla amante de la cocina tradicional francesa, quien fue nombrada por el presidente François Mitterrand como su cocinera personal en el Palacio del Elíseo, en París. No fueron pocas la dificultades y celos que tuvo qué superar, pero su fuerte carácter le ayudó a imponerse a las cúpulas de poder que imperaban en el palacio. | ||
| 546 | |a En francés, con subtítulos opcionales: español | ||
| 649 | |a XX | ||
| 650 | |a Jefes de Estado Franceses | ||
| 650 | |a Cocineros en el Cine | ||
| 650 | |a Dramas Cinematográficos | ||
| 650 | |a Cine Francés - |y 2010-2019 | ||
| 650 | |a Cine Francés - |y Siglo XXI | ||
| 650 | |a Celos | ||
| 650 | |a Envidia | ||
| 650 | |a Protocolo | ||
| 650 | |a Cocina Francesa - |x Aspectos Sociales y Culturales | ||
| 650 | |a Gastronomía - |z Francia | ||
| 650 | |a París, Francia en el Cine | ||
| 650 | |a Mazet-Delpeuch, Danièle | ||
| 650 | |a Miterrand, François | ||
| 700 | |a Frot, Catherine |e (actuación) | ||
| 700 | |a Dupont, Arthur |e (actuación) | ||
| 700 | |a D'Ormesson, Jean |e (actuación) | ||
| 910 | |a Fondo General | ||
| 920 | |a Audiovisuales - DVDs | ||
| 940 | |a Películas | ||
| 905 | |a 302 | ||
| 901 | |a 0500290704 |b IT2 |c DVS |i C151557 |u 20250521 | ||
| 902 | |a https://opac.biblio.iteso.mx/vufind/Record/000395373 | ||